01680nam a2200385Ia 4500001001200000003000800012006001900020007001500039008004100054010001700095020002500112020002200137020002500159020002200184040002100206035002100227050002800248082002000276100001500296245010600311260005800417300004300475504005100518533015200569600011400721600007500835650004700910650005400957651005301011651004101064655002901105710001701134856012601151999001701277ebr10354003CaPaEBRm u cr cn|||||||||090609s2009 mnuaf sb s001 0deng d z 2009023610 z9780816644957 (hbk.) z0816644950 (hbk.) z9780816644964 (pbk.) z0816644969 (pbk.) aCaPaEBRcCaPaEBR a(OCoLC)52779293414aE185.97.D73bB37 2009eb04a303.48/40922221 aBass, Amy.10aThose about him remained silenth[electronic resource] :bthe battle over W.E.B. Du Bois /cAmy Bass. aMinneapolis :bUniversity of Minnesota Press,cc2009. axxiv, 198 p., [8] p. of plates :bill. aIncludes bibliographical references and index. aElectronic reproduction.bPalo Alto, Calif. :cebrary,d2010.nAvailable via World Wide Web.nAccess may be limited to ebrary affiliated libraries.10aDu Bois, W. E. B.q(William Edward Burghardt),d1868-1963xHomes and hauntszMassachusettszGreat Barrington.10aDu Bois, W. E. B.q(William Edward Burghardt),d1868-1963xBirthplace. 0aAfrican American intellectualsvBiography. 0aAfrican American civil rights workersvBiography. 0aGreat Barrington (Mass.)xHistoryy20th century. 0aGreat Barrington (Mass.)vBiography. 7aElectronic books.2local2 aebrary, Inc.40uhttp://site.ebrary.com/lib/rucke/Doc?id=10354003zAn electronic book accessible through the World Wide Web; click to view c33817d33817